ბათუმის შოთა რუსთაველის სახელმწიფო უნივერსიტეტის ბიბლიოთეკა

Международный труд. Правовое регулирование труда и социального обеспечения. (ბიბ.ჩანაწერი № 35080)

000 -LEADER
fixed length control field 00843nam a2200229Ia 4500
001 - CONTROL NUMBER
control field 921
003 - CONTROL NUMBER IDENTIFIER
control field GE_BSU
008 - FIXED-LENGTH DATA ELEMENTS--GENERAL INFORMATION
fixed length control field 181216s||||||||xx |||||||||||||| ||und||
010 ## - LIBRARY OF CONGRESS CONTROL NUMBER
LC control number 5735702114
040 ## - CATALOGING SOURCE
Transcribing agency GE_BSU
080 ## - UNIVERSAL DECIMAL CLASSIFICATION NUMBER
Universal Decimal Classification number 349.2
100 ## - MAIN ENTRY--PERSONAL NAME
Personal name Киселев,И.Я.
245 ## - TITLE STATEMENT
Title Международный труд. Правовое регулирование труда и социального обеспечения.
245 ## - TITLE STATEMENT
Remainder of title Практическое пособие.Комментарии. Разьяснения.Рекомендации.
260 ## - PUBLICATION, DISTRIBUTION, ETC.
Place of publication, distribution, etc. Москва
260 ## - PUBLICATION, DISTRIBUTION, ETC.
Name of publisher, distributor, etc. Юристь
260 ## - PUBLICATION, DISTRIBUTION, ETC.
Date of publication, distribution, etc. 1997
300 ## - PHYSICAL DESCRIPTION
Extent 231стр.
653 ## - INDEX TERM--UNCONTROLLED
Uncontrolled term Международный труд. Правовое регулирование труда и социального обеспечения
942 ## - ADDED ENTRY ELEMENTS (KOHA)
Koha item type წიგნი
ეგზემპლარები
Withdrawn status Lost status Damaged status Not for loan Date acquired Barcode Date last seen Price effective from Koha item type
        2018-12-17 1760 2018-12-17 2018-12-17 წიგნი